|
|
|
|
| LEADER |
00946nam a2200241 a 4500 |
| 001 |
3075678 |
| 008 |
100407s1996 enka b 001 0 eng d |
| 010 |
|
|
|a 97112837
|
| 020 |
|
|
|a 0714835242 (hardback)
|
| 020 |
|
|
|a 0714833568 (pbk.)
|
| 040 |
|
|
|a DLC
|c DLC
|d DB-DhAAL
|
| 082 |
1 |
4 |
|a 720
|2 20
|
| 100 |
1 |
|
|a Curtis, William J. R.
|
| 245 |
1 |
0 |
|a Modern architecture since 1900 /
|c William J.R. Curtis.
|
| 250 |
|
|
|a 3rd ed., [Rev., expanded, and redesigned].
|
| 260 |
|
|
|a [London] :
|b Phaidon,
|c [1996]
|
| 300 |
|
|
|a 736 p. :
|b ill. (some col.) ;
|c 26 cm.
|
| 504 |
|
|
|a Includes bibliographical references (p. 693-719) and index.
|
| 541 |
1 |
|
|e 00011666
|
| 650 |
|
0 |
|a Architecture, Modern
|y 20th century.
|
| 852 |
4 |
|
|a Ayesha Abed Library
|j General Shelf.
|
| 999 |
|
|
|c 8008
|d 8008
|
| 952 |
|
|
|0 0
|1 4
|2 ddc
|4 0
|6 720_000000000000000_CUR
|7 0
|9 9064
|a BRACUL
|b BRACUL
|c GEN
|d 2010-04-07
|l 2
|m 3
|o 720 CUR
|p 3010011666
|r 2010-06-06
|s 2010-05-24
|t 1
|w 2010-04-07
|y BK
|x Koha Inventory 2020
|